Sanat - "Pienet sammakot" - Statistics

Yleistilastot
  • Tätä visaa on pelattu 20 kertaa
  • Keskiarvotulos 37 / 45
Vastaustilastot
Vastaus % Oikein
ne
100%
ne
100%
ne
100%
ne
100%
Pienet
100%
pienet
100%
pienet
100%
pienet
100%
sammakot
100%
sammakot
100%
sammakot
100%
sammakot
100%
lystikkäitä
94%
lystikkäitä
94%
lystikkäitä
94%
lystikkäitä
94%
on
89%
on
89%
on
89%
On
89%
on
89%
on
89%
on
89%
On
89%
on
89%
on
89%
Ei
78%
ei
78%
ei
78%
häntää
78%
korvia
78%
korvia
78%
korvia
78%
korvia
78%
korvia
78%
korvia
78%
laisinkaan
72%
hännän
67%
hännän
67%
Pupujussikat
61%
pupujussikat
61%
nypykkä
33%
Pikkuporsahat
17%
pikkuporsahat
17%
saparo
17%
Ehtoja vastaavia visoja ei löytynyt
Tulosjakauma
Jokaisen tuloksen saaneiden osuus
Persentiili vastausten määrän mukaan
Tuloshistoriasi
Et ole pelannut tätä visaa